| 000 | 01007na a2200301 4500 | ||
|---|---|---|---|
| 001 | 19028 | ||
| 003 | MIRAKIL | ||
| 005 | 20181213155227.0 | ||
| 008 | 161207b tu 000 0 | ||
| 035 | _a19028 | ||
| 040 |
_aMilas _btur _cTR-AnCHP |
||
| 041 | _atur | ||
| 082 |
_aSHP 353.04 _bH94 1991 |
||
| 090 | _aSHP 353.04 H94 1991 | ||
| 245 |
_aHükümet programı _bTBMM'de okunan metin muteberdir _b25 Kasım 1991 _c[Süleyman Demirel] |
||
| 246 | _a49. hükümet programı | ||
| 260 |
_aAnkara _bBaşbakanlık Basımevi _c1991 |
||
| 300 |
_a65 s. _c22 sm. |
||
| 610 |
_aDYP-SHP koalisyonu _xHükümet programı |
||
| 610 |
_aDemirel Hükümeti _xHükümet programı |
||
| 650 |
_aKoalisyon hükümeti _xDYP-SHP koalisyonu _yProgramlar |
||
| 650 |
_aSiyaset ve yönetim _xHükümet programları, 1991 _zTürkiye |
||
| 650 |
_a49. Hükümet _yHükümet programı |
||
| 650 | _aHükümet programları, 1991 | ||
| 657 | _a49. hükümet programı | ||
| 700 | _aDemirel,Süleyman | ||
| 942 |
_2dcc _cBKS |
||
| 999 |
_c8900 _d8900 |
||